000 00644nam a22002057a 4500
005 20251108165946.0
008 250721s2001 xx 000 0 ara d
082 1 4 _a658.15/إدا
100 1 _aالعصار، رشاد
245 1 0 _aالإدارة و التحليل المالي /
264 1 _aعمان :
_bدار البركة للنشر و التوزيع،
_c2001.
300 _a375ص
650 1 7 _aالإدارة المالية
650 1 7 _aالمحاسبة المالية
650 1 7 _aإدارة الأعمال
700 1 _aالأخرس، عاطف
700 1 _aالشريف، عليان
942 _2ddc
_cBK
999 _c35913
_d35913